000 00240nam a2200097Ia 4500
001 768058
005 20250826165411.0
008 250824s9999 xx 000 0 und d
245 0 _aANKARA DESTANI
_cÜSTÜN DÖKMEN
260 _bREMZİ KİTABEVİ
999 _c768058
_d768058